<The> Psychological Factor of the Companies and their Effect on the NAIRU and Economic Cycle in Slovakia
Stručný prehľad vývoja konceptov vzťahu medzi infláciou a nezamestnanosťou. Charakteristiky neistoty v postmodernej spoločnosti a meranie účinkov kognitívnych procesov pri rozhodovaní a definovaní ukazovateľov vnímanie neistoty medzi spoločnosťami v krajinách V4. Definícia ukazovateľa vnímania neis...
Uložené v:
| Hlavný autor: | |
|---|---|
| Médium: | Kapitola |
| Jazyk: | English |
| Predmet: | |
| Tagy: |
Žiadne tagy, Buďte prvý, kto otaguje tento záznam!
|
MARC
| LEADER | 00000naa a2200000 4500 | ||
|---|---|---|---|
| 001 | 0260255 | ||
| 005 | 20221104110752.4 | ||
| 041 | 0 | |a eng | |
| 044 | |a CZ | ||
| 245 | 1 | 0 | |a <The> Psychological Factor of the Companies and their Effect on the NAIRU and Economic Cycle in Slovakia |c Emilie Jašová |
| 520 | |a Stručný prehľad vývoja konceptov vzťahu medzi infláciou a nezamestnanosťou. Charakteristiky neistoty v postmodernej spoločnosti a meranie účinkov kognitívnych procesov pri rozhodovaní a definovaní ukazovateľov vnímanie neistoty medzi spoločnosťami v krajinách V4. Definícia ukazovateľa vnímania neistoty medzi spoločnosťami V4 krajiny. Vplyv ukazovateľov vnímania neistoty na spoločnosti NAIRU a ekonomické cykly z hľadiska trhu práce na Slovensku. | ||
| 610 | 2 | 0 | |a trh práce |
| 610 | 2 | 0 | |a psychológia |
| 610 | 2 | 0 | |a inflácia |
| 610 | 2 | 0 | |a Vyšehradská štvorka |
| 610 | 2 | 0 | |a riziko podnikateľské |
| 610 | 2 | 0 | |a cykly hospodárske |
| 100 | 1 | |a Jašová, Emilie | |